[Event "Moscow-Open 2021_B"]
[Site "Moscow"]
[Date "2021.02.20"]
[Round "1.32"]
[White "Khamnueva, Mariya"]
[Black "Shvedova, Alexandra"]
[Result "0-1"]
[WhiteElo "1426"]
[BlackElo "1994"]
[PlyCount "104"]
[EventDate "2021.02.20"]

1. e4 e5 2. Nf3 Nc6 3. Bb5 Nf6 4. O-O Nxe4 5. d4 Nd6 6. Bxc6 dxc6 7. dxe5 Nf5
8. Qxd8+ Kxd8 9. Nc3 Ke8 10. Bf4 Be6 11. Rad1 Bb4 12. Bd2 Ne7 13. Rfe1 Rd8 14.
a3 Bxc3 15. Bxc3 Nd5 16. Bd2 c5 17. Ng5 h6 18. Nxe6 fxe6 19. Bc1 c4 20. c3 Ke7
21. f4 Rhf8 22. g3 b5 23. Kg2 c5 24. Kf3 a5 25. h4 b4 26. axb4 axb4 27. cxb4
cxb4 28. Rd4 Rc8 29. Red1 c3 30. bxc3 Rxc3+ 31. R4d3 Rfc8 32. Bb2 Rc2 33. Bd4
Nc3 34. Bxc3 R8xc3 35. Rxc3 Rxc3+ 36. Kg4 b3 37. Rd6 h5+ 38. Kh3 g6 39. Rd4 b2
40. Rb4 Rc2 41. g4 Kd7 42. gxh5 gxh5 43. Kg3 Kc6 44. f5 exf5 45. Kf4 Kc5 46.
Rb7 Rc4+ 47. Kxf5 Rb4 48. Rxb4 Kxb4 49. Kg5 b1=Q 50. Kxh5 Qf5+ 51. Kh6 Qxe5 52.
h5 Qh8+ 0-1

[Event "Moscow-Open 2021_B"]
[Site "Moscow"]
[Date "2021.02.20"]
[Round "1.33"]
[White "Shukhman, Anna"]
[Black "Lyutsinger, Iren"]
[Result "1-0"]
[WhiteElo "1986"]
[BlackElo "1415"]
[PlyCount "121"]
[EventDate "2021.02.20"]

1. e4 c5 2. Nf3 Nc6 3. d4 cxd4 4. Nxd4 Nf6 5. Nc3 e6 6. Nxc6 bxc6 7. e5 Nd5 8.
Ne4 Qc7 9. f4 Qb6 10. c4 Bb4+ 11. Ke2 f5 12. exf6 Nxf6 13. Be3 Qd8 14. Nd6+
Bxd6 15. Qxd6 Bb7 16. Rd1 Rc8 17. Bd4 c5 18. Bxf6 gxf6 19. Kf2 Rg8 20. Rg1 Qe7
21. Qd2 Bc6 22. Be2 Qf7 23. g3 Rd8 24. Rge1 Kf8 25. Qa5 Qe7 26. Qc7 Kg7 27. Bg4
Rc8 28. Qa5 Kh8 29. Bf3 Bxf3 30. Kxf3 d6 31. Qc3 e5 32. f5 Rcd8 33. Rd5 Qg7 34.
Qd3 Qg4+ 35. Kg2 h5 36. b3 Rg5 37. Rxd6 Rxd6 38. Qxd6 Rxf5 39. Qb8+ Kh7 40.
Qxa7+ Kh8 41. Qb8+ Kh7 42. Qc7+ Kh8 43. Qc8+ Kh7 44. Qb7+ Kh8 45. Qa8+ Kh7 46.
Qe4 Qxe4+ 47. Rxe4 Rg5 48. a3 Rg7 49. b4 Ra7 50. Re3 cxb4 51. axb4 Kg6 52. b5
Ra2+ 53. Kf3 Kf5 54. c5 Ke6 55. c6 Kd6 56. Rd3+ Kc7 57. Rd7+ Kc8 58. b6 Rb2 59.
b7+ Kb8 60. Rd8+ Kc7 61. Rc8+ 1-0

[Event "Moscow-Open 2021_B"]
[Site "Moscow"]
[Date "2021.02.20"]
[Round "1.34"]
[White "Dryaeva, Lana"]
[Black "Porozhnyak, Maya"]
[Result "1-0"]
[WhiteElo "1404"]
[BlackElo "1976"]
[PlyCount "91"]
[EventDate "2021.02.20"]

1. d4 Nf6 2. Nf3 g6 3. c4 c5 4. d5 d6 5. Nc3 Bg7 6. e4 Bg4 7. Be2 Na6 8. O-O
O-O 9. h3 Bxf3 10. Bxf3 Nc7 11. Be2 Nd7 12. f4 Bd4+ 13. Kh1 e5 14. f5 f6 15.
Bh6 Re8 16. fxg6 hxg6 17. Bh5 g5 18. Bxe8 Qxe8 19. Qg4 Qe7 20. Rf5 Ne8 21. Raf1
Nb6 22. Qh5 Nxc4 23. Qg6+ Kh8 24. Bxg5 Qg7 25. Bxf6 Nxf6 26. Qxg7+ Kxg7 27.
Rxf6 Nd2 28. R1f5 Bxc3 29. bxc3 Nxe4 30. Rf7+ Kg6 31. Kh2 b5 32. g4 a5 33. Rd7
b4 34. c4 Rb8 35. Rff7 Kg5 36. Rf5+ Kh6 37. h4 b3 38. axb3 Rxb3 39. Rh5+ Kg6
40. Rdh7 Rb2+ 41. Kg1 Rb1+ 42. Kg2 Rb2+ 43. Kf3 Nd2+ 44. Ke3 Nf1+ 45. Kd3 e4+
46. Kc3 1-0

[Event "Moscow-Open 2021_B"]
[Site "Moscow"]
[Date "2021.02.20"]
[Round "1.35"]
[White "Ilyina, Lada"]
[Black "Gurgenidze, Aleksandra"]
[Result "1-0"]
[WhiteElo "1959"]
[BlackElo "1399"]
[PlyCount "115"]
[EventDate "2021.02.20"]

1. e4 c5 2. Nf3 d6 3. Bb5+ Nd7 4. O-O a6 5. Bxd7+ Bxd7 6. d4 cxd4 7. Qxd4 Nf6
8. Bg5 e6 9. c4 Be7 10. Nc3 Bc6 11. b4 O-O 12. b5 axb5 13. cxb5 Bd7 14. a4 b6
15. Nd2 Rc8 16. Rfc1 Rc5 17. Bh4 Rh5 18. Bg3 d5 19. exd5 Nxd5 20. Nde4 Bc8 21.
Qd1 Rh6 22. Nxd5 exd5 23. Nd2 Bh4 24. Rc6 Bxg3 25. hxg3 Rxc6 26. bxc6 Qc7 27.
Rc1 Rd8 28. Qb3 Rd6 29. Qb5 Bd7 30. a5 Rxc6 31. Rxc6 Bxc6 32. Qxb6 Qxb6 33.
axb6 Kf8 34. Nb3 Ke7 35. Na5 Kd7 36. b7 Bxb7 37. Nxb7 d4 38. Nc5+ Kd6 39. Nd3
Kd5 40. Kf1 Kc4 41. Ke2 f6 42. Kd2 g5 43. g4 h6 44. f3 Kd5 45. Nf2 Kd6 46. Ne4+
Ke6 47. Ng3 Ke5 48. Kd3 Kf4 49. Ne2+ Ke5 50. Nxd4 Kf4 51. Ke2 Kg3 52. Nf5+ Kxg2
53. Nxh6 Kg3 54. Ke3 Kg2 55. Ng8 Kf1 56. Nxf6 Ke1 57. Ne4 Kd1 58. Nxg5 1-0

[Event "Moscow-Open 2021_B"]
[Site "Moscow"]
[Date "2021.02.20"]
[Round "1.36"]
[White "Zagrebina, Marina"]
[Black "Shestakova, Ekaterina"]
[Result "0-1"]
[WhiteElo "1382"]
[BlackElo "1959"]
[PlyCount "74"]
[EventDate "2021.02.20"]

1. d4 d5 2. c4 c6 3. cxd5 cxd5 4. Nc3 Nc6 5. Nf3 Nf6 6. Bf4 a6 7. e3 Bg4 8. Be2
e6 9. h3 Bh5 10. O-O Be7 11. Rc1 O-O 12. Ne5 Bxe2 13. Qxe2 Nxe5 14. Bxe5 Nd7
15. Bg3 Rc8 16. Qg4 b5 17. Ne2 Nf6 18. Qf3 Qa5 19. a3 Ne4 20. Rfd1 Rc4 21. Be5
f6 22. Bf4 Rfc8 23. Qg4 f5 24. Qh5 Rxc1 25. Nxc1 Qa4 26. b3 Qxa3 27. Nd3 Nf6
28. Qf3 Qxb3 29. g4 a5 30. gxf5 exf5 31. Kh2 a4 32. Ne5 Qc2 33. Rg1 Qe4 34. Qd1
a3 35. Qb3 Rc2 36. Qxb5 Rxf2+ 37. Kg3 Qxf4+ 0-1

[Event "Moscow-Open 2021_B"]
[Site "Moscow"]
[Date "2021.02.20"]
[Round "1.37"]
[White "Zvereva, Margarita"]
[Black "Efimova, Darya"]
[Result "1-0"]
[WhiteElo "1937"]
[BlackElo "1364"]
[PlyCount "85"]
[EventDate "2021.02.20"]

1. e4 c5 2. Nf3 d6 3. d4 cxd4 4. Nxd4 Nf6 5. Nc3 a6 6. Be2 e5 7. Nb3 Be6 8. O-O
Be7 9. Be3 O-O 10. Qd3 Nbd7 11. Nd5 Bxd5 12. exd5 Nb6 13. c4 Rc8 14. Rac1 Re8
15. Nd2 a5 16. b3 Nbd7 17. a3 Bf8 18. f3 g6 19. b4 a4 20. Ne4 b6 21. Bd1 Ra8
22. Nc3 Bg7 23. Bxa4 e4 24. fxe4 Ne5 25. Qe2 Rxa4 26. Nxa4 Qa8 27. Nxb6 Qxa3
28. Bd4 Neg4 29. Ra1 Qxb4 30. Rfb1 Nxe4 31. Rxb4 Bxd4+ 32. Kf1 Ne3+ 33. Qxe3
Bxe3 34. Ra8 Nd2+ 35. Ke2 Rxa8 36. Nxa8 Bg5 37. c5 dxc5 38. Rb8+ Kg7 39. d6 c4
40. d7 Nb3 41. d8=Q Bxd8 42. Rxd8 c3 43. Kd3 1-0

[Event "Moscow-Open 2021_B"]
[Site "Moscow"]
[Date "2021.02.20"]
[Round "1.38"]
[White "Uzintseva, Daria"]
[Black "Tokmakova, Ulyana"]
[Result "0-1"]
[WhiteElo "1326"]
[BlackElo "1882"]
[PlyCount "114"]
[EventDate "2021.02.20"]

1. d4 e6 2. c4 d5 3. Nf3 c5 4. cxd5 exd5 5. Nc3 Nc6 6. e3 Nf6 7. g3 Be7 8. Bg2
O-O 9. O-O Bg4 10. Qd3 c4 11. Qd2 Qc8 12. Ne2 Ne4 13. Qd1 Rd8 14. Nd2 Ng5 15.
a3 Bh3 16. Nf4 Bxg2 17. Kxg2 Qf5 18. h4 Ne6 19. Nxe6 Qxe6 20. Nf3 Qe4 21. Bd2
Rd6 22. Qb1 Qg4 23. Nh2 Qh5 24. Qd1 Qf5 25. Qg4 Qc2 26. Bc3 Rg6 27. Rac1 Qxc1
28. Rxc1 Rxg4 29. Nxg4 h5 30. Nh2 b5 31. Bd2 a5 32. Nf3 f6 33. Ne1 Kf7 34. Nc2
b4 35. a4 Rc8 36. Ne1 Na7 37. Nf3 Bd6 38. Ng1 Rc7 39. Ne2 Nc8 40. Be1 Nb6 41.
Ra1 g5 42. hxg5 fxg5 43. Bd2 Kf6 44. f3 Re7 45. g4 hxg4 46. fxg4 Rh7 47. Be1
Rh2+ 48. Kf3 Kf7 49. Bd2 Ke6 50. Be1 Nd7 51. Bd2 Nf6 52. Rf1 Ne4 53. Bc1 Rh3+
54. Kg2 Rh2+ 55. Kf3 b3 56. Nc3 Nxc3 57. bxc3 b2 0-1

[Event "Moscow-Open 2021_B"]
[Site "Moscow"]
[Date "2021.02.21"]
[Round "2.7"]
[White "Tarasenka, Aliaksandra"]
[Black "Getman, Tatyana"]
[Result "1/2-1/2"]
[WhiteElo "1995"]
[BlackElo "2271"]
[PlyCount "119"]
[EventDate "2021.02.20"]

1. d4 Nf6 2. c4 e6 3. Nc3 Bb4 4. Nf3 d5 5. e3 O-O 6. Bd3 c5 7. O-O Bxc3 8. bxc3
dxc4 9. Bxc4 Qc7 10. Qe2 b6 11. e4 Bb7 12. Bd3 g6 13. Bg5 Nbd7 14. e5 Nd5 15.
Rac1 Rfe8 16. Rfe1 a6 17. Nd2 f6 18. exf6 Nf4 19. Bxf4 Qxf4 20. Ne4 Rac8 21. g3
Qc7 22. Bxa6 Bxa6 23. Qxa6 Qc6 24. Qc4 b5 25. f7+ Kxf7 26. Qxb5 Qxb5 27. Nd6+
Kf8 28. Nxb5 Rc6 29. c4 Nb6 30. Re5 Nd7 31. Re4 Nb6 32. dxc5 Rxc5 33. Nd6 Re7
34. Rce1 Rc6 35. Rxe6 Rxe6 36. Rxe6 Nxc4 37. Re8+ Kg7 38. Nxc4 Rxc4 39. Ra8 g5
40. h3 h5 41. Kf1 Rc2 42. a4 Ra2 43. a5 Kh7 44. a6 g4 45. hxg4 hxg4 46. Ke1 Kg7
47. a7 Kh7 48. Kd1 Kg7 49. Kc1 Kh7 50. Kb1 Ra5 51. Kb2 Ra4 52. Kb3 Ra1 53. Kc4
Ra2 54. Kd4 Rd2+ 55. Ke3 Ra2 56. Kd4 Rd2+ 57. Kc3 Ra2 58. Kb3 Ra1 59. Kc4 Ra2
60. Kd4 1/2-1/2

[Event "Moscow-Open 2021_B"]
[Site "Moscow"]
[Date "2021.02.21"]
[Round "2.8"]
[White "Protopopova, Anastasiya"]
[Black "Shukhman, Anna"]
[Result "1-0"]
[WhiteElo "2261"]
[BlackElo "1986"]
[PlyCount "107"]
[EventDate "2021.02.20"]

1. d4 d5 2. c4 e6 3. Nf3 c6 4. Qc2 Nf6 5. Nbd2 Bd6 6. g3 O-O 7. Bg2 Nbd7 8. O-O
e5 9. cxd5 cxd5 10. dxe5 Nxe5 11. Nxe5 Bxe5 12. Nf3 Bd6 13. b3 Bg4 14. Bb2 Re8
15. Rad1 Rc8 16. Qd3 Bc5 17. h3 Bd7 18. Ng5 h6 19. Bxf6 Qxf6 20. Qh7+ Kf8 21.
Rxd5 hxg5 22. Rxd7 g6 23. e3 b5 24. Rfd1 Rcd8 25. Rxd8 Rxd8 26. Rxd8+ Qxd8 27.
Qh8+ Ke7 28. Qe5+ Kd7 29. Qxc5 Qa5 30. Bc6+ Ke6 31. Bd5+ Kf6 32. Qd6+ Kg7 33.
Qe7 Qb4 34. Qxf7+ Kh6 35. Qf6 Kh7 36. Qxg5 a5 37. Qh4+ Qxh4 38. gxh4 a4 39.
bxa4 bxa4 40. a3 Kg7 41. Bc6 Kf6 42. Bxa4 g5 43. hxg5+ Kxg5 44. Bd7 Kf6 45. a4
Ke5 46. a5 Ke4 47. a6 Kf3 48. a7 Ke2 49. a8=Q Ke1 50. Qa2 Kd1 51. Bf5 Ke1 52.
Bd3 Kd1 53. Qc2+ Ke1 54. Qe2# 1-0

[Event "Moscow-Open 2021_B"]
[Site "Moscow"]
[Date "2021.02.21"]
[Round "2.10"]
[White "Yakimova, Mariya"]
[Black "Ilyina, Lada"]
[Result "1-0"]
[WhiteElo "2232"]
[BlackElo "1959"]
[PlyCount "119"]
[EventDate "2021.02.20"]

1. d4 d5 2. c4 c6 3. Nf3 Nf6 4. Nc3 e6 5. g3 Be7 6. Bg2 Nbd7 7. O-O O-O 8. b3
b6 9. Qc2 Bb7 10. Rd1 Rc8 11. e4 Ba6 12. e5 Ne8 13. h4 h6 14. Bf4 dxc4 15. Ne4
b5 16. Nc5 Nxc5 17. dxc5 Qa5 18. Bd2 Qa3 19. b4 Nc7 20. Qe4 Nd5 21. Qg4 Kh8 22.
Qh5 Qd3 23. Bg5 Qf5 24. g4 Qh7 25. Bxe7 Nf4 26. Ng5 Qg8 27. Qxh6+ gxh6 28. Bf6+
Qg7 29. Bxg7+ Kxg7 30. Ne4 Nd3 31. Rxd3 cxd3 32. Nd6 Rc7 33. g5 hxg5 34. hxg5
Bc8 35. Rd1 Bd7 36. Rxd3 a5 37. a3 axb4 38. axb4 Ra7 39. Kh2 Ra4 40. Ne4 Bc8
41. Rd4 Ra3 42. f3 Re3 43. Kg3 Re2 44. Bf1 Rb2 45. Nf6 Rh8 46. Bd3 Rbh2 47. Ng4
Rb2 48. Be4 Bb7 49. g6 Rf8 50. Nf6 Ba8 51. gxf7 Rxf7 52. Rd8 Rf8 53. Nh5+ Kf7
54. Rd7+ Ke8 55. Ra7 Rxb4 56. Rxa8+ Ke7 57. Ra7+ Kd8 58. Ng7 Ra4 59. Nxe6+ Ke8
60. Bg6+ 1-0

[Event "Moscow-Open 2021_B"]
[Site "Moscow"]
[Date "2021.02.21"]
[Round "2.11"]
[White "Shestakova, Ekaterina"]
[Black "Zherebtsova, Alexandra"]
[Result "1-0"]
[WhiteElo "1959"]
[BlackElo "2225"]
[PlyCount "93"]
[EventDate "2021.02.20"]

1. e4 e5 2. Nf3 Nc6 3. d4 exd4 4. Nxd4 Bb4+ 5. Nc3 Nf6 6. Nxc6 bxc6 7. Bd3 d5
8. exd5 cxd5 9. O-O O-O 10. Bg5 c6 11. Qf3 Be7 12. h3 h6 13. Bf4 Re8 14. Rfe1
Be6 15. Ne2 Qb6 16. b3 c5 17. Ng3 c4 18. Bf5 Rac8 19. bxc4 Rxc4 20. Bd3 Rcc8
21. Nf5 Bf8 22. Be3 Qc7 23. Bd4 Ne4 24. Nxh6+ gxh6 25. Bxe4 Bg7 26. Bxg7 Kxg7
27. Bd3 Rg8 28. Qh5 Qf4 29. Rab1 Rc7 30. Re3 Kh8 31. Rb4 Qg5 32. Qxg5 hxg5 33.
Re5 a5 34. Rb5 Ra7 35. Kf1 g4 36. Rh5+ Kg7 37. hxg4 Kf6 38. f3 Rc8 39. g5+ Kg7
40. Rh7+ Kg8 41. g6 Rca8 42. Rb6 a4 43. a3 Ra5 44. gxf7+ Bxf7 45. Rb7 Be6 46.
Rbe7 Bc8 47. Re8# 1-0

[Event "Moscow-Open 2021_B"]
[Site "Moscow"]
[Date "2021.02.21"]
[Round "2.12"]
[White "Nosacheva, Mariya"]
[Black "Zvereva, Margarita"]
[Result "1-0"]
[WhiteElo "2222"]
[BlackElo "1937"]
[PlyCount "89"]
[EventDate "2021.02.20"]

1. e4 e5 2. Nf3 Nc6 3. Bc4 Bc5 4. c3 Nf6 5. d3 d6 6. a4 a6 7. Nbd2 Ba7 8. h3
O-O 9. a5 Ne7 10. Nf1 Ng6 11. Bg5 h6 12. Be3 Bxe3 13. Nxe3 c6 14. Bb3 d5 15.
exd5 Nxd5 16. O-O Ndf4 17. Bc4 Nh4 18. Ra4 Nxf3+ 19. Qxf3 Qd6 20. Rd1 c5 21. d4
exd4 22. cxd4 Qf6 23. Nd5 Nxd5 24. Bxd5 Qxf3 25. Bxf3 Bd7 26. Rc4 cxd4 27. Bxb7
Bb5 28. Rcxd4 Rab8 29. Be4 g6 30. h4 h5 31. g3 Rfc8 32. Kg2 Kg7 33. b4 Rc3 34.
Rd6 Rb3 35. R1d4 Be2 36. Rb6 Rc8 37. Bd5 Rb1 38. Rb7 Rcc1 39. Rxf7+ Kh6 40. Be4
Rd1 41. Rxd1 Rxd1 42. Rf6 Kg7 43. Rxg6+ Kf7 44. Rg5 Rd6 45. Bf3 1-0

[Event "Moscow-Open 2021_B"]
[Site "Moscow"]
[Date "2021.02.21"]
[Round "2.13"]
[White "Tokmakova, Ulyana"]
[Black "Nur-Mukhametova, Alisa"]
[Result "0-1"]
[WhiteElo "1882"]
[BlackElo "2212"]
[PlyCount "102"]
[EventDate "2021.02.20"]

1. c4 e5 2. Nc3 Nc6 3. Nf3 g6 4. g3 Bg7 5. Bg2 d6 6. Rb1 a5 7. O-O Nf6 8. d3
O-O 9. a3 Re8 10. b4 axb4 11. axb4 e4 12. Nd2 exd3 13. exd3 Bg4 14. f3 Bf5 15.
Nde4 Nxe4 16. fxe4 Bd7 17. Nd5 Nd4 18. Bb2 c6 19. Nf4 Qc8 20. Ra1 Qc7 21. Bh3
Bxh3 22. Nxh3 Qb6 23. Kh1 h6 24. Rxa8 Rxa8 25. Bxd4 Qxd4 26. Qf3 Rf8 27. Nf4
Qb2 28. b5 cxb5 29. cxb5 Qxb5 30. Nd5 Qd7 31. Rc1 Qa4 32. Rc7 Qa1+ 33. Kg2 Qb2+
34. Kh3 h5 35. Qg2 Qxg2+ 36. Kxg2 Rb8 37. Nb6 Bf6 38. Nd7 Bd8 39. Rc3 Ra8 40.
Rb3 b6 41. Rb2 Ra6 42. Kf3 f6 43. h3 Kf7 44. g4 Bc7 45. Rc2 Ra7 46. Rxc7 Rxc7
47. Nxb6 h4 48. Nd5 Rc1 49. Kf2 Rc2+ 50. Kg1 Rd2 51. Nb4 Ke6 0-1

[Event "Moscow-Open 2021_B"]
[Site "Moscow"]
[Date "2021.02.21"]
[Round "2.14"]
[White "Kurmangaliyeva, Liya"]
[Black "Yagutian, Mariya"]
[Result "1-0"]
[WhiteElo "2186"]
[BlackElo "1691"]
[PlyCount "53"]
[EventDate "2021.02.20"]

1. e4 e6 2. d4 d5 3. e5 c5 4. c3 Nc6 5. Nf3 Nge7 6. Na3 cxd4 7. cxd4 Nf5 8. Nc2
Be7 9. Bd3 O-O 10. O-O Kh8 11. Bd2 Bd7 12. Bc3 Rc8 13. Qd2 a6 14. a4 f6 15.
Bxf5 exf5 16. Rfe1 fxe5 17. dxe5 Be6 18. Rad1 f4 19. Ncd4 Bg4 20. h3 Nxd4 21.
hxg4 Nxf3+ 22. gxf3 Bc5 23. Kg2 Qd7 24. e6 Qxa4 25. Qxd5 b5 26. Qd7 Rg8 27.
Bxg7+ 1-0

[Event "Moscow-Open 2021_B"]
[Site "Moscow"]
[Date "2021.02.21"]
[Round "2.15"]
[White "Khegai, Darya"]
[Black "Nasyrova, Ekaterina"]
[Result "0-1"]
[WhiteElo "1566"]
[BlackElo "2168"]
[PlyCount "82"]
[EventDate "2021.02.20"]

1. d4 d5 2. c4 e6 3. Nc3 Nf6 4. cxd5 exd5 5. Bg5 c6 6. e3 Be7 7. Bd3 O-O 8.
Nge2 h6 9. Bh4 Nbd7 10. O-O Ne4 11. Bxe7 Qxe7 12. Bxe4 dxe4 13. Ng3 Nf6 14. Qc2
Re8 15. Rfd1 h5 16. d5 Bg4 17. Rd4 cxd5 18. Nxd5 Nxd5 19. Rxd5 h4 20. Ne2 h3
21. Ng3 hxg2 22. Rd4 Bf3 23. Nf5 Qe5 24. Ng3 Rad8 25. Qd2 Rxd4 26. exd4 Qd5 27.
Ne2 Rd8 28. a3 Rd6 29. Rc1 Rh6 30. Rc5 Qd6 31. Ng3 Qd7 32. Qf4 Rf6 33. Nf5 b6
34. Re5 g6 35. Nh6+ Kg7 36. Qd2 Qh3 37. Re8 Qd7 38. Rg8+ Kh7 39. Rf8 Qb5 40.
Rh8+ Kxh8 41. Nxf7+ Kg8 0-1

[Event "Moscow-Open 2021_B"]
[Site "Moscow"]
[Date "2021.02.21"]
[Round "2.16"]
[White "Volchkova, Alena"]
[Black "Korchagina, Alena"]
[Result "0-1"]
[WhiteElo "1539"]
[BlackElo "2132"]
[PlyCount "96"]
[EventDate "2021.02.20"]

1. e4 c5 2. Nf3 e6 3. d4 cxd4 4. Nxd4 a6 5. Nc3 Qc7 6. g3 Nf6 7. Bg2 Be7 8. O-O
O-O 9. Re1 d6 10. Qe2 Rd8 11. Be3 Bd7 12. Rad1 Nc6 13. h3 b5 14. a3 Rac8 15. f4
Na5 16. g4 Nc4 17. Bc1 e5 18. Nf3 exf4 19. g5 Nh5 20. Nd5 Qc5+ 21. Nd4 Ng3 22.
Qf2 Bxg5 23. Bxf4 Bxf4 24. Qxf4 Nh5 25. Qf3 Nf6 26. b4 Qa7 27. Ne7+ Kf8 28.
Nxc8 Rxc8 29. Qf2 Qc7 30. Qg3 Ne5 31. Kh1 Qb6 32. Rf1 Rc4 33. Qe3 Qc7 34. Rd2
Rc3 35. Qe2 Bxh3 36. Bxh3 Rxh3+ 37. Kg2 Qc3 38. Kg1 Qg3+ 39. Qg2 Qe3+ 40. Qf2
Rg3+ 41. Kh1 Qh6+ 42. Qh2 Rh3 43. Nf5 Rxh2+ 44. Rxh2 Qg6 45. Rg2 Nfg4 46. Rd1
Qh5+ 47. Kg1 Nf3+ 48. Kf1 Qh1+ 0-1

[Event "Moscow-Open 2021_B"]
[Site "Moscow"]
[Date "2021.02.21"]
[Round "2.17"]
[White "Miroshnik, Ekaterina"]
[Black "Dryaeva, Lana"]
[Result "1-0"]
[WhiteElo "2118"]
[BlackElo "1404"]
[PlyCount "123"]
[EventDate "2021.02.20"]

1. d4 Nf6 2. g3 e6 3. Bg2 d5 4. Nf3 Be7 5. O-O c6 6. Nbd2 O-O 7. b3 Nbd7 8. Bb2
b6 9. c4 Ba6 10. Re1 Rc8 11. e4 dxe4 12. Nxe4 Nxe4 13. Rxe4 Bb7 14. Re2 c5 15.
Rd2 cxd4 16. Rxd4 Rc7 17. Rd2 Qc8 18. Qe2 Rd8 19. Rad1 Nc5 20. Ne5 Bxg2 21.
Kxg2 f6 22. Rxd8+ Bxd8 23. Nf3 Rd7 24. b4 Rxd1 25. Qxd1 Qd7 26. Qxd7 Nxd7 27.
Nd4 Ne5 28. c5 bxc5 29. bxc5 Kf7 30. f4 Nc4 31. Bc3 a6 32. Kf3 Bc7 33. Nc6 Ke8
34. Ke4 Kd7 35. Nd4 Na5 36. Bxa5 Bxa5 37. f5 exf5+ 38. Kd5 g6 39. Ne6 g5 40.
c6+ Ke7 41. Nc5 h5 42. Nxa6 Bb6 43. Nb8 g4 44. a4 Bc7 45. Na6 Be5 46. Nc5 h4
47. gxh4 Bxh2 48. Nd3 Bc7 49. Kd4 Bb6+ 50. Kd5 g3 51. Ne1 Bc7 52. h5 Kf7 53. h6
f4 54. h7 Kg7 55. Ke6 Kxh7 56. Kd7 Bb6 57. c7 Bxc7 58. Kxc7 Kg6 59. a5 Kg5 60.
a6 Kg4 61. a7 g2 62. a8=Q 1-0

[Event "Moscow-Open 2021_B"]
[Site "Moscow"]
[Date "2021.02.21"]
[Round "2.18"]
[White "Shafigullina, Zarina"]
[Black "Kiseleva, Arina"]
[Result "1-0"]
[WhiteElo "2311"]
[BlackElo "2035"]
[PlyCount "71"]
[EventDate "2021.02.20"]

1. d4 Nf6 2. c4 e6 3. Nf3 Bb4+ 4. Bd2 Qe7 5. g3 b6 6. Bg2 Bb7 7. Nc3 Ne4 8.
Nxe4 Bxe4 9. O-O Bxd2 10. Qxd2 O-O 11. Qf4 d5 12. Rac1 c5 13. dxc5 bxc5 14. Qe3
Nd7 15. Rfd1 Rfe8 16. cxd5 exd5 17. Bh3 d4 18. Qa3 d3 19. Ne1 Ne5 20. Nxd3 Nxd3
21. exd3 Bf3 22. Rf1 Rab8 23. b3 Rb4 24. Qa5 Ba8 25. Qxc5 Qb7 26. f3 g6 27. Bd7
Qxd7 28. Qxb4 Qxd3 29. Qc3 Qa6 30. Rf2 Bd5 31. Qd4 Qb7 32. Rc3 Re1+ 33. Kg2 h5
34. Rd3 Be6 35. Qc3 Bd5 36. Qxe1 1-0

[Event "Moscow-Open 2021_B"]
[Site "Moscow"]
[Date "2021.02.21"]
[Round "2.19"]
[White "Grigorieva, Yulia"]
[Black "Kalenichenko, Alina"]
[Result "1-0"]
[WhiteElo "2273"]
[BlackElo "1638"]
[PlyCount "67"]
[EventDate "2021.02.20"]

1. d4 Nf6 2. c4 g6 3. Nc3 Bg7 4. e4 d6 5. Nf3 O-O 6. Be2 e5 7. O-O Nc6 8. Be3
Ng4 9. Bg5 f6 10. Bc1 f5 11. Bg5 Bf6 12. Bxf6 Nxf6 13. exf5 gxf5 14. dxe5 dxe5
15. Qxd8 Rxd8 16. Nd5 Ne8 17. Rad1 Be6 18. Rfe1 h6 19. Bf1 e4 20. Nh4 Bxd5 21.
cxd5 Ne7 22. f3 Nd6 23. g3 Rf8 24. Bg2 Rad8 25. Re2 Kg7 26. g4 Ng6 27. Nxg6
Kxg6 28. fxe4 fxe4 29. Bxe4+ Kg5 30. h3 Nxe4 31. Rxe4 Rf7 32. Kg2 Rfd7 33. Re5+
Kf4 34. Rde1 1-0

[Event "Moscow-Open 2021_B"]
[Site "Moscow"]
[Date "2021.02.21"]
[Round "2.20"]
[White "Kochukova, Anna"]
[Black "Khachatryan, Marieta"]
[Result "1-0"]
[WhiteElo "2091"]
[BlackElo "1830"]
[PlyCount "130"]
[EventDate "2021.02.20"]

1. e4 c6 2. d4 d5 3. Nc3 dxe4 4. Nxe4 Bf5 5. Ng3 Bg6 6. N1e2 Nf6 7. Nf4 e5 8.
Nxg6 hxg6 9. Be3 exd4 10. Qxd4 Nbd7 11. O-O-O Qa5 12. Bc4 Bc5 13. Qf4 O-O 14.
Bd2 Qb6 15. h4 Bd4 16. c3 Be5 17. Qf3 Qc5 18. Bb3 Bxg3 19. Qxg3 Qf5 20. Bc2 Qg4
21. Qh2 Qc4 22. Bb3 Qe2 23. f3 Nc5 24. Bc2 Rad8 25. Bg5 Rxd1+ 26. Rxd1 Nh7 27.
Bf4 Ne6 28. Bd6 Rd8 29. h5 g5 30. h6 g6 31. Qg1 b6 32. Bd3 Qxd1+ 33. Kxd1 Rxd6
34. Kc2 Nhf8 35. Qe3 Kh7 36. Qe5 Rd5 37. Qb8 Rd7 38. Bc4 Rc7 39. Qe8 g4 40. f4
g3 41. a4 a6 42. Bxa6 Kxh6 43. Bc4 Kg7 44. Bxe6 Nxe6 45. Qb8 Rd7 46. Qe5+ Kf8
47. Qh8+ Ke7 48. Qh4+ Kf8 49. Qxg3 Nc5 50. Qh3 Ke7 51. b3 Ne4 52. Qe3 f5 53. b4
c5 54. Kb3 Kd8 55. Qh3 Nd2+ 56. Kc2 Ne4 57. Qh8+ Kc7 58. Qe5+ Kb7 59. g4 Rd2+
60. Kc1 Re2 61. Qg7+ Kb8 62. Qxg6 Re1+ 63. Kb2 Re2+ 64. Ka3 Nd2 65. Qxb6+ Ka8
1-0

[Event "Moscow-Open 2021_B"]
[Site "Moscow"]
[Date "2021.02.21"]
[Round "2.21"]
[White "Korovina, Yana"]
[Black "Akulova, Taisiya"]
[Result "0-1"]
[WhiteElo "1531"]
[BlackElo "1833"]
[PlyCount "114"]
[EventDate "2021.02.20"]

1. e4 e6 2. d3 Ne7 3. g3 b6 4. Bg2 Bb7 5. Ne2 g6 6. O-O Bg7 7. f4 f5 8. Nbc3
O-O 9. Be3 d5 10. e5 c5 11. d4 c4 12. Nb1 b5 13. Nd2 Nbc6 14. c3 a5 15. h3 Qd7
16. Nf3 b4 17. Qd2 Ba6 18. Rfb1 Rfb8 19. Kh2 Rb6 20. Qd1 Rab8 21. Nd2 Na7 22.
a3 bxc3 23. bxc3 Rxb1 24. Rxb1 Rxb1 25. Qxb1 Qb5 26. Ng1 Qxb1 27. Nxb1 Bb5 28.
Bc1 Ba4 29. Nf3 Nb5 30. Bb2 h6 31. Kg1 Nc8 32. Kf2 Nb6 33. Ke1 Bc2 34. Nfd2 Na4
35. Ba1 Bf8 36. Bf3 Bxa3 37. Nxa3 Nxa3 38. Bd1 Kf7 39. Nf1 Bxd1 40. Kxd1 Nb5
41. Kc2 Nb6 42. Nd2 a4 43. h4 a3 44. Nb1 a2 45. Nd2 Na4 46. Nf1 Nbxc3 47. Bxc3
Nxc3 48. Kb2 Ne2 49. Kxa2 Nxd4 50. Kb2 Ne2 51. Kc2 d4 52. Kd2 Nc3 53. Kc2 Ne4
54. Kd1 d3 55. Kc1 c3 56. Kd1 Nf2+ 57. Kc1 d2+ 0-1

[Event "Moscow-Open 2021_B"]
[Site "Moscow"]
[Date "2021.02.21"]
[Round "2.22"]
[White "Zeliantsova, Kseniya"]
[Black "Tumashevich, Elizaveta"]
[Result "1-0"]
[WhiteElo "2166"]
[BlackElo "1732"]
[PlyCount "57"]
[EventDate "2021.02.20"]

1. e4 c5 2. Nf3 a6 3. c4 d6 4. Nc3 Nf6 5. d4 cxd4 6. Nxd4 g6 7. Be2 Bg7 8. O-O
O-O 9. Be3 Nc6 10. f3 Bd7 11. Qd2 Rc8 12. Rac1 Re8 13. Rfd1 Qa5 14. Nb3 Qd8 15.
c5 Bf8 16. Nd5 Nxd5 17. exd5 Ne5 18. c6 bxc6 19. Bxa6 Ra8 20. Bb7 Rxa2 21. dxc6
Bc8 22. f4 Ng4 23. c7 Qd7 24. Bc6 Qe6 25. Rc3 Bg7 26. Nd4 Bxd4 27. Qxd4 Nxe3
28. Rxe3 Qg4 29. Bxe8 1-0

[Event "Moscow-Open 2021_B"]
[Site "Moscow"]
[Date "2021.02.21"]
[Round "2.23"]
[White "Petrova, Elizaveta"]
[Black "Gutkovich, Polina"]
[Result "0-1"]
[WhiteElo "1713"]
[BlackElo "2061"]
[PlyCount "88"]
[EventDate "2021.02.20"]

1. d4 d5 2. c4 e6 3. Nc3 c6 4. cxd5 exd5 5. Qc2 g6 6. Bf4 Bd6 7. Bxd6 Qxd6 8.
Nf3 Bf5 9. Qb3 Nd7 10. e3 Ngf6 11. Nh4 Be6 12. Bd3 O-O 13. O-O Ne4 14. Qc2 f5
15. f3 Nxc3 16. bxc3 c5 17. f4 Rac8 18. Qe2 cxd4 19. cxd4 Qa3 20. Nf3 Rc3 21.
Rfd1 Rfc8 22. Ne5 a6 23. Rab1 b5 24. h4 Nf6 25. Qb2 Ne4 26. Qxa3 Rxa3 27. Rb2
Kg7 28. Bxe4 fxe4 29. Kf2 Rcc3 30. Re1 h5 31. Ree2 Kf6 32. Rbc2 b4 33. Rxc3
bxc3 34. Ke1 a5 35. Kd1 Bc8 36. Kc1 Ba6 37. Rf2 Bd3 38. g4 hxg4 39. Nxg4+ Kg7
40. Ne5 Ra4 41. Nc6 c2 42. h5 Rxa2 43. f5 Ra1+ 44. Kd2 c1=Q# 0-1

[Event "Moscow-Open 2021_B"]
[Site "Moscow"]
[Date "2021.02.21"]
[Round "2.24"]
[White "Danilova, Rada"]
[Black "Khachatryan, Nadezhda"]
[Result "1-0"]
[WhiteElo "2048"]
[BlackElo "1665"]
[PlyCount "103"]
[EventDate "2021.02.20"]

1. d4 d5 2. c4 dxc4 3. Nf3 Nf6 4. e3 e6 5. Bxc4 c5 6. O-O a6 7. Bb3 b5 8. a4 c4
9. Bc2 Bb7 10. axb5 axb5 11. Rxa8 Bxa8 12. Qe2 Qb6 13. e4 Be7 14. Rd1 O-O 15.
Nbd2 Nc6 16. e5 Nd5 17. Ne4 Ncb4 18. Bb1 Qc6 19. Bd2 Rc8 20. h3 Bb7 21. Ne1 Qe8
22. Qg4 Kh8 23. Qg3 Nc6 24. Nf3 b4 25. Bg5 f5 26. exf6 gxf6 27. Bh6 Qg6 28.
Neg5 f5 29. Ne5 Nxe5 30. Qxe5+ Bf6 31. Qxe6 Nf4 32. Qxf5 Bxg5 33. Qxg6 Nxg6 34.
Bxg5 c3 35. bxc3 bxc3 36. Bc2 Bd5 37. f3 Rb8 38. Rc1 Rc8 39. Kf2 Kg7 40. Be4
Bb3 41. d5 Ne5 42. Be3 Rc4 43. Ke2 Kf6 44. g4 Ba4 45. Bxh7 Bb5 46. Kf2 Ke7 47.
Bf5 Kd6 48. h4 Kxd5 49. h5 Be8 50. h6 Ng6 51. h7 Nh8 52. Rd1+ 1-0